[Event "4NCL Division Two"]
[Site "Milton Keynes, ENG"]
[Date "2023.11.11"]
[Round "1.11"]
[White "Walker, Martin G"]
[Black "Wall, Gavin"]
[Result "1/2-1/2"]
[WhiteElo "2229"]
[BlackElo "2289"]
[PlyCount "54"]
[EventDate "2023.11.11"]
[WhiteTeam "Anglian Avengers"]
[BlackTeam "Gonzaga"]

1. e4 e5 2. Nf3 d6 3. Bc4 Be7 4. O-O Nf6 5. Nc3 O-O 6. d4 exd4 7. Nxd4 a6 8. a4
Nc6 9. Bf4 Nb4 10. Nd5 Nbxd5 11. exd5 Nd7 12. a5 Bf6 13. Qd2 Ne5 14. Be2 Re8
15. c4 Bg4 16. Bxe5 dxe5 17. Bxg4 exd4 18. Bf3 Qd7 19. b4 Rad8 20. Qd3 Re5 21.
Ra3 c6 22. Rb3 cxd5 23. Bxd5 Qc7 24. g3 h5 25. b5 Qxa5 26. Bxb7 axb5 27. cxb5
Rc5 1/2-1/2

[Event "4NCL Division Two"]
[Site "Milton Keynes, ENG"]
[Date "2023.11.11"]
[Round "1.12"]
[White "Menzies, Colin"]
[Black "Lewis, Andrew P"]
[Result "0-1"]
[WhiteElo "2198"]
[BlackElo "2237"]
[PlyCount "40"]
[EventDate "2023.11.11"]
[WhiteTeam "Gonzaga"]
[BlackTeam "Anglian Avengers"]

1. d4 Nf6 2. c4 c5 3. d5 b5 4. cxb5 a6 5. e3 g6 6. Nc3 Bg7 7. Nf3 O-O 8. a4 e6
9. e4 Bb7 10. Bg5 h6 11. Bxf6 Qxf6 12. b6 exd5 13. Nxd5 Bxd5 14. Qxd5 Qxb2 15.
Rd1 Bc3+ 16. Nd2 Nc6 17. Bc4 Nd4 18. h4 Rab8 19. h5 Rxb6 20. Rh4 Qxd2+ 0-1

[Event "4NCL Division Two"]
[Site "Milton Keynes, ENG"]
[Date "2023.11.11"]
[Round "1.13"]
[White "Kanellopoulos, Panayotis"]
[Black "Thorarinsson, Pall A."]
[Result "0-1"]
[WhiteElo "2259"]
[BlackElo "2213"]
[PlyCount "82"]
[EventDate "2023.11.11"]
[WhiteTeam "Anglian Avengers"]
[BlackTeam "Gonzaga"]

1. c4 g6 2. g3 Bg7 3. Bg2 Nf6 4. Nc3 O-O 5. Nf3 c5 6. d4 cxd4 7. Nxd4 Nc6 8.
O-O Nxd4 9. Qxd4 d6 10. Qd3 a6 11. Be3 Ng4 12. Bd4 Ne5 13. Qe4 Rb8 14. a4 Be6
15. b3 b5 16. cxb5 axb5 17. a5 b4 18. Nd5 Rb5 19. Nb6 Bxb3 20. f4 d5 21. Qe3
Nc4 22. Nxc4 Bxc4 23. a6 Bxd4 24. Qxd4 Ra5 25. a7 Ra3 26. e4 Bxf1 27. Rxf1 Qa5
28. Rb1 dxe4 29. Rxb4 Qxa7 30. Qxa7 Rxa7 31. Rxe4 e6 32. Re2 Rb8 33. Be4 Rb3
34. Kg2 Rba3 35. Bb1 Rb7 36. Ba2 Rb4 37. Kf2 Kg7 38. Kg2 h5 39. Kf2 Rd4 40. Bb1
h4 41. Kg2 Rc4 0-1

[Event "4NCL Division Two"]
[Site "Milton Keynes, ENG"]
[Date "2023.11.11"]
[Round "1.14"]
[White "Freeman, Gordon"]
[Black "Korshunov, Sergey And."]
[Result "1-0"]
[WhiteElo "2228"]
[BlackElo "2226"]
[PlyCount "71"]
[EventDate "2023.11.11"]
[WhiteTeam "Gonzaga"]
[BlackTeam "Anglian Avengers"]

1. Nf3 Nf6 2. b3 g6 3. Bb2 Bg7 4. e3 c5 5. c4 O-O 6. Be2 Nc6 7. O-O d5 8. cxd5
Qxd5 9. d3 b6 10. Nbd2 Rd8 11. a3 Ba6 12. Nc4 Bxc4 13. bxc4 Qd6 14. Qc2 Ng4 15.
Bxg7 Kxg7 16. Rad1 Rac8 17. h3 Nf6 18. Qb2 Kg8 19. Nd2 Qe5 20. Qxe5 Nxe5 21.
Nb1 Rc7 22. f4 Nc6 23. Nc3 Rcd7 24. g4 Ne8 25. h4 Na5 26. Kf2 Ng7 27. h5 gxh5
28. g5 Rd6 29. Rh1 h6 30. Ne4 Re6 31. Rdg1 hxg5 32. Nxg5 Rf6 33. Bxh5 Rdd6 34.
Ne4 Rxd3 35. Nxf6+ exf6 36. Rg2 1-0

[Event "4NCL Division Two"]
[Site "Milton Keynes, ENG"]
[Date "2023.11.11"]
[Round "1.15"]
[White "Talsma, Paul"]
[Black "Bourached, Anthony"]
[Result "0-1"]
[WhiteElo "2169"]
[BlackElo "2151"]
[PlyCount "78"]
[EventDate "2023.11.11"]
[WhiteTeam "Anglian Avengers"]
[BlackTeam "Gonzaga"]

1. d4 d5 2. c4 dxc4 3. e3 e5 4. Bxc4 Nc6 5. Nf3 e4 6. Nfd2 f5 7. a3 Bd6 8. b4
Qg5 9. g3 h5 10. Nc3 h4 11. Rg1 hxg3 12. hxg3 Nf6 13. Qe2 Ng4 14. Nf1 Qg6 15.
Bb2 Bd7 16. O-O-O a5 17. b5 Ne7 18. a4 Rh6 19. Kb1 Bb4 20. Rc1 Qd6 21. Nd2
O-O-O 22. Ba2 Rh2 23. Nc4 Qh6 24. Rgf1 Kb8 25. Rc2 Be6 26. Nd1 Nd5 27. Nc3 Qh3
28. Nxd5 Bxd5 29. Rcc1 g6 30. Bc3 Bxc3 31. Rxc3 Qxg3 32. Nxa5 Bxa2+ 33. Qxa2
Rxf2 34. Rxf2 Nxf2 35. Qc4 Nd3 36. Nb3 Rh8 37. b6 Rh1+ 38. Nc1 cxb6 39. a5 Qd6
0-1

[Event "4NCL Division Two"]
[Site "Milton Keynes, ENG"]
[Date "2023.11.11"]
[Round "1.16"]
[White "O'Connor, Eddie"]
[Black "Samarakoon, Vivash Ransara"]
[Result "0-1"]
[WhiteElo "1953"]
[BlackElo "2122"]
[PlyCount "63"]
[EventDate "2023.11.11"]
[WhiteTeam "Gonzaga"]
[BlackTeam "Anglian Avengers"]

1. d4 d5 2. Nf3 Nf6 3. c4 e6 4. Nc3 Be7 5. e3 Nbd7 6. cxd5 exd5 7. Bd3 c6 8.
O-O Bd6 9. Qc2 h6 10. b3 O-O 11. Bb2 Re8 12. Rfe1 Nb6 13. e4 dxe4 14. Nxe4 Nxe4
15. Bxe4 Be6 16. Rad1 Bd5 17. Ne5 Qc7 18. Bxd5 Nxd5 19. Qf5 Re6 20. Nf3 Rae8
21. Rxe6 Rxe6 22. Qb1 Qe7 23. Re1 Nf4 24. Rxe6 Qxe6 25. g3 Qe2 26. Ne1 Nh3+ 27.
Kg2 Qxf2+ 28. Kxh3 Qf1+ 29. Ng2 Be7 30. Kg4 h5+ 31. Kxh5 f6 32. Kg6 0-1

[Event "4NCL Division Two"]
[Site "Milton Keynes, ENG"]
[Date "2023.11.11"]
[Round "1.17"]
[White "Stork, Christopher"]
[Black "Casey, Eoghan"]
[Result "1-0"]
[WhiteElo "2046"]
[BlackElo "1839"]
[PlyCount "47"]
[EventDate "2023.11.11"]
[WhiteTeam "Anglian Avengers"]
[BlackTeam "Gonzaga"]

1. d4 c5 2. d5 g6 3. Nf3 Bg7 4. c4 f5 5. e4 fxe4 6. Ng5 Nf6 7. Nc3 Qa5 8. Bd2
e3 9. fxe3 d6 10. Bd3 O-O 11. O-O e5 12. dxe6 Nc6 13. Nd5 Qd8 14. Nf7 Rxf7 15.
exf7+ Kxf7 16. Bc3 Ne5 17. Bxe5 dxe5 18. Qf3 Be6 19. Nxf6 Bxf6 20. Qxb7+ Bd7
21. Rad1 Ke7 22. Be4 Rc8 23. Rxf6 Rc7 24. Qa6 1-0

[Event "4NCL Division Two"]
[Site "Milton Keynes, ENG"]
[Date "2023.11.11"]
[Round "1.18"]
[White "Pietka, Urszula"]
[Black "Walker, Heather Enid"]
[Result "1-0"]
[WhiteElo "1600"]
[BlackElo "1198"]
[PlyCount "65"]
[EventDate "2023.11.11"]
[WhiteTeam "Gonzaga"]
[BlackTeam "Anglian Avengers"]

1. e4 e6 2. d4 d5 3. exd5 exd5 4. Nf3 Nc6 5. Bb5 a6 6. Bxc6+ bxc6 7. Nc3 Nf6 8.
a3 Bd6 9. Qe2+ Qe7 10. Qxe7+ Bxe7 11. Ne5 Bb7 12. b4 O-O 13. O-O Rfd8 14. Rb1
Nd7 15. Bf4 Bd6 16. Bg3 f6 17. Nxd7 Rxd7 18. f4 f5 19. Rbe1 Be7 20. Re5 Rf8 21.
Rfe1 Rf7 22. Na4 g6 23. Nc5 Bxc5 24. dxc5 Kg7 25. Re8 d4 26. Rb8 d3 27. cxd3
Rxd3 28. Rxb7 Rxa3 29. Bf2 Rb3 30. Ra7 Ra3 31. Bd4+ Kh6 32. Re3 Ra4 33. Rh3#
1-0

[Event "4NCL Division Two"]
[Site "Milton Keynes, ENG"]
[Date "2023.11.11"]
[Round "1.21"]
[White "Chopra, Manmay"]
[Black "Bisby, Daniel L"]
[Result "0-1"]
[WhiteElo "2005"]
[BlackElo "2276"]
[PlyCount "59"]
[EventDate "2023.11.11"]
[WhiteTeam "Cambridge University 2"]
[BlackTeam "Cambridge University 1"]

1. e4 c5 2. Nf3 e6 3. c4 Nc6 4. Nc3 Nf6 5. d4 cxd4 6. Nxd4 d6 7. Be3 Be7 8. Be2
O-O 9. O-O Bd7 10. Rc1 Re8 11. Kh1 a6 12. a3 Ne5 13. f4 Ng6 14. Nb3 Bc6 15. Bd3
b6 16. Nd4 Bb7 17. Qe2 Bf8 18. b4 h5 19. Nb3 Rb8 20. Bg1 h4 21. Qe3 e5 22. f5
Nf4 23. Be2 h3 24. g4 b5 25. Na5 Ba8 26. g5 Nxe4 27. Nxe4 Qxg5 28. Qg3 Qxg3 29.
hxg3 Nxe2 30. Ra1 0-1

[Event "4NCL Division Two"]
[Site "Milton Keynes, ENG"]
[Date "2023.11.11"]
[Round "1.22"]
[White "McClement, Andrew"]
[Black "Gooding, Ian"]
[Result "1-0"]
[WhiteElo "2228"]
[BlackElo "1922"]
[PlyCount "63"]
[EventDate "2023.11.11"]
[WhiteTeam "Cambridge University 1"]
[BlackTeam "Cambridge University 2"]

1. Nf3 d5 2. c4 d4 3. b4 f6 4. Qb3 e5 5. e3 c5 6. bxc5 Nc6 7. Ba3 Nh6 8. Be2
Be7 9. O-O O-O 10. Re1 a6 11. d3 Qa5 12. Qb6 Bd8 13. Qxa5 Bxa5 14. Nbd2 dxe3
15. fxe3 Nf5 16. Kf2 g5 17. Red1 Nh6 18. Nf1 Rd8 19. Rab1 Rb8 20. Rb3 Bf5 21.
e4 Be6 22. Rdb1 Rd7 23. Ne3 Ng4+ 24. Nxg4 Bxg4 25. Ng1 Be6 26. Bc1 Bd8 27. Be3
Kf7 28. Nf3 g4 29. Nd2 Be7 30. Rb6 Nd4 31. Bxd4 exd4 32. Rxe6 1-0

[Event "4NCL Division Two"]
[Site "Milton Keynes, ENG"]
[Date "2023.11.11"]
[Round "1.23"]
[White "Webster, Peter A N"]
[Black "Gallagher, Daniel GH"]
[Result "0-1"]
[WhiteElo "1909"]
[BlackElo "2214"]
[PlyCount "120"]
[EventDate "2023.11.11"]
[WhiteTeam "Cambridge University 2"]
[BlackTeam "Cambridge University 1"]

1. e4 e5 2. Nf3 Nc6 3. Bb5 a6 4. Bxc6 dxc6 5. O-O Qf6 6. d4 exd4 7. Bg5 Qd6 8.
Nxd4 Be7 9. Bxe7 Nxe7 10. Nc3 Bd7 11. Re1 O-O-O 12. Nb3 Qe5 13. Qd4 Qxd4 14.
Nxd4 Bg4 15. Nb3 b6 16. h3 Bd7 17. Rad1 h5 18. Re3 Ng6 19. Nd4 Rhe8 20. Nf5
Bxf5 21. exf5 Nh4 22. Rxe8 Rxe8 23. g4 hxg4 24. hxg4 Nf3+ 25. Kg2 Ne1+ 26. Kg3
Nxc2 27. Rd2 Ne1 28. g5 Rd8 29. Re2 Nd3 30. Re7 Rd7 31. Re8+ Rd8 32. Re7 Rf8
33. b3 Nc5 34. Kg4 Nd7 35. g6 Kd8 36. Re2 fxg6 37. fxg6 Rf6 38. Kh5 Nf8 39.
Rd2+ Ke7 40. Re2+ Kd8 41. Rd2+ Kc8 42. Re2 Nxg6 43. Re8+ Kd7 44. Rg8 Nf4+ 45.
Kg4 Ne6 46. f3 Rf4+ 47. Kg3 Rf8 48. Rxf8 Nxf8 49. Kg4 Ke6 50. f4 c5 51. a4 c6
52. f5+ Ke5 53. Ne2 b5 54. Kg5 c4 55. axb5 cxb5 56. b4 Ke4 57. f6 Nh7+ 58. Kg6
Nxf6 59. Kxg7 Nd5 60. Ng3+ Kd3 0-1

[Event "4NCL Division Two"]
[Site "Milton Keynes, ENG"]
[Date "2023.11.11"]
[Round "1.24"]
[White "Hill, Alistair"]
[Black "Borrowdale, Graham E"]
[Result "1-0"]
[WhiteElo "2148"]
[BlackElo "1941"]
[PlyCount "39"]
[EventDate "2023.11.11"]
[WhiteTeam "Cambridge University 1"]
[BlackTeam "Cambridge University 2"]

1. e4 e6 2. d4 d5 3. e5 c5 4. c3 Nc6 5. Nf3 Nge7 6. Bd3 cxd4 7. cxd4 Nf5 8.
Bxf5 exf5 9. O-O Be6 10. Nc3 Be7 11. Qd3 h6 12. Ne2 Qb6 13. Rd1 O-O-O 14. a3
Kb8 15. b4 Rc8 16. Nd2 g5 17. Nb3 g4 18. Ng3 Bh4 19. Nxf5 Nxe5 20. Bf4 1-0

[Event "4NCL Division Two"]
[Site "Milton Keynes, ENG"]
[Date "2023.11.11"]
[Round "1.26"]
[White "Alldritt, Nigel R E"]
[Black "Phillips, William"]
[Result "1-0"]
[WhiteElo "1999"]
[BlackElo "1801"]
[PlyCount "99"]
[EventDate "2023.11.11"]
[WhiteTeam "Cambridge University 1"]
[BlackTeam "Cambridge University 2"]

1. d4 Nf6 2. c4 b6 3. Nf3 e6 4. g3 Bb4+ 5. Bd2 Be7 6. Bg2 Bb7 7. O-O O-O 8. Bf4
d5 9. Ne5 c5 10. dxc5 Bxc5 11. Nc3 Ne4 12. cxd5 Nxc3 13. bxc3 exd5 14. Qb3 Nd7
15. Nxd7 Qxd7 16. Rad1 Qe6 17. Rfe1 Rfd8 18. Rd2 Rd7 19. Red1 Rad8 20. e4 d4
21. Qxe6 fxe6 22. Bg5 Be7 23. Bxe7 Rxe7 24. cxd4 Rc7 25. f4 Rdc8 26. Bh3 Re8
27. d5 exd5 28. exd5 Rd8 29. d6 Rc5 30. Re1 Kf8 31. Re7 Rd5 32. Rc2 Ba6 33.
Rxa7 Bd3 34. Rcc7 R5xd6 35. Rf7+ Kg8 36. Rxg7+ Kh8 37. Rgd7 Bb5 38. Rxd6 Rxd6
39. Bf5 Rd1+ 40. Kg2 Rd2+ 41. Kh3 Bf1+ 42. Kg4 Rxh2 43. Kg5 Bc4 44. a3 b5 45.
Kf6 Rh6+ 46. Ke5 Rh2 47. g4 Kg8 48. g5 Rd2 49. Bxh7+ Kf8 50. Be4 1-0

[Event "4NCL Division Two"]
[Site "Milton Keynes, ENG"]
[Date "2023.11.11"]
[Round "1.27"]
[White "Udhayasuriyan, Ashwini"]
[Black "Sivanandan, Bodhana"]
[Result "1/2-1/2"]
[WhiteElo "1696"]
[BlackElo "1854"]
[PlyCount "136"]
[EventDate "2023.11.11"]
[WhiteTeam "Cambridge University 2"]
[BlackTeam "Cambridge University 1"]

1. e4 c6 2. d4 d5 3. exd5 cxd5 4. c4 Nf6 5. Nc3 g6 6. Bg5 Bg7 7. Bd3 Nc6 8.
Nge2 dxc4 9. Bxc4 O-O 10. O-O h6 11. Be3 b6 12. Qd2 h5 13. Bh6 Bf5 14. Bxg7
Kxg7 15. a3 Qd7 16. Rad1 Rad8 17. Qf4 Qd6 18. Qg5 Nh7 19. Qc1 Bg4 20. h3 Bxe2
21. Nxe2 e6 22. d5 exd5 23. Bxd5 Rc8 24. Ba2 Qf6 25. Nc3 Nd4 26. Qe3 Nf5 27.
Qf4 Rfd8 28. Qa4 Ng5 29. Qxa7 Nh4 30. Qb7 Rb8 31. Qc7 Nxg2 32. Qg3 Nf4 33. h4
Nge6 34. Kh2 Rxd1 35. Rxd1 Rd8 36. Rxd8 Qxd8 37. Ne4 Qd4 38. Qc3 Qxc3 39. Nxc3
Nd4 40. Nd5 Nxd5 41. Bxd5 f6 42. a4 Nc2 43. Kg3 g5 44. Be4 Nb4 45. Bf3 Kg6 46.
Be4+ f5 47. Bb7 Nd3 48. b3 Kf6 49. hxg5+ Kxg5 50. Ba6 h4+ 51. Kf3 Nb4 52. Bb7
Nc2 53. Bd5 f4 54. Kg2 Nb4 55. Bf3 Nd3 56. Bd5 Kf5 57. Bc4 Nb4 58. f3 Nc6 59.
Bd5 Nb4 60. Bc4 Kg5 61. Kh3 Kh5 62. Bf7+ Kg5 63. Bc4 Nc2 64. Bd5 Kh5 65. Bf7+
Kg5 66. Bd5 Nb4 67. Bc4 Nc6 68. Bd5 Nb4 1/2-1/2

[Event "4NCL Division Two"]
[Site "Milton Keynes, ENG"]
[Date "2023.11.11"]
[Round "1.31"]
[White "Vardan, Nagpal"]
[Black "Maycock Bates, David Henry"]
[Result "1/2-1/2"]
[WhiteElo "2320"]
[BlackElo "2305"]
[PlyCount "82"]
[EventDate "2023.11.11"]
[WhiteTeam "SchachAttack"]
[BlackTeam "CSC/Kingston 1"]

1. d4 Nf6 2. c4 e6 3. Nf3 d5 4. cxd5 exd5 5. Nc3 c6 6. h3 Bf5 7. Bf4 Qb6 8. Qc1
Be7 9. e3 O-O 10. Be2 Ne4 11. O-O Nd7 12. Ne5 Nxe5 13. Bxe5 Bd6 14. Bxd6 Nxd6
15. Qd2 Rfe8 16. Rfe1 Re6 17. Bf1 Rg6 18. g3 Qd8 19. Bg2 Qd7 20. h4 Bh3 21. Bh1
Re8 22. e4 dxe4 23. Nxe4 Nxe4 24. Rxe4 Rxe4 25. Bxe4 Rd6 26. Rd1 Bg4 27. f3 Bf5
28. Bxf5 Qxf5 29. Kg2 g6 30. b4 Rd5 31. Re1 Kg7 32. Re7 Rd7 33. g4 Qd5 34. Rxd7
Qxd7 35. a4 Qd5 36. a5 f6 37. Qf4 g5 38. Qc7+ Qf7 39. Qb8 gxh4 40. Kh3 f5 41.
Qxa7 fxg4+ 1/2-1/2

[Event "4NCL Division Two"]
[Site "Milton Keynes, ENG"]
[Date "2023.11.11"]
[Round "1.32"]
[White "Finn, Peter"]
[Black "Alizada, Eldar"]
[Result "1/2-1/2"]
[WhiteElo "2290"]
[BlackElo "2127"]
[PlyCount "98"]
[EventDate "2023.11.11"]
[WhiteTeam "CSC/Kingston 1"]
[BlackTeam "SchachAttack"]

1. d4 d5 2. Nf3 Nf6 3. g3 Bf5 4. c4 c6 5. Nc3 e6 6. Nh4 Bg6 7. Nxg6 hxg6 8. Bg2
Nbd7 9. O-O dxc4 10. e4 Nb6 11. Be3 Be7 12. a4 a5 13. Qe2 O-O 14. Rfd1 Qc7 15.
Bf4 Qd7 16. Bf3 Bd8 17. h4 Bc7 18. Bg5 Nh7 19. Be3 Rfe8 20. Kg2 Qe7 21. e5 Qb4
22. Bd2 Qe7 23. Ne4 Red8 24. Bc3 Ra7 25. Nd2 Nd5 26. Qxc4 g5 27. Rh1 f5 28.
hxg5 Qxg5 29. Bxd5 Rxd5 30. Nf3 Qg6 31. Rh4 Ng5 32. Nxg5 Qxg5 33. Rah1 Kf7 34.
Qe2 Ra8 35. Bd2 Qg6 36. Rh5 Bd8 37. Be3 Be7 38. Rh7 Bg5 39. Bxg5 Qxg5 40. f4
Qg4 41. Qe3 Rad8 42. R7h4 Qg6 43. Rd1 c5 44. Rc1 Rxd4 45. Rxc5 Rd3 46. Qxd3
Rxd3 47. Rc7+ Kg8 48. Rc8+ Kf7 49. Rc7+ Kg8 1/2-1/2

[Event "4NCL Division Two"]
[Site "Milton Keynes, ENG"]
[Date "2023.11.11"]
[Round "1.33"]
[White "Hng, Mei-En Emmanuelle"]
[Black "Lalic, Peter D"]
[Result "1-0"]
[WhiteElo "2125"]
[BlackElo "2250"]
[PlyCount "81"]
[EventDate "2023.11.11"]
[WhiteTeam "SchachAttack"]
[BlackTeam "CSC/Kingston 1"]

1. e4 d5 2. exd5 c6 3. dxc6 Nxc6 4. Nf3 e5 5. Bb5 Bd6 6. O-O Nge7 7. d3 O-O 8.
Nbd2 Bg4 9. h3 Bh5 10. Bc4 Rc8 11. Re1 Bb8 12. a4 Nd5 13. Ne4 Kh8 14. c3 Nf4
15. Kh2 f5 16. Neg5 e4 17. g3 Bxf3 18. Nxf3 Nxh3 19. Kxh3 exf3 20. Qxf3 Ne5 21.
Qd5 Qxd5 22. Bxd5 Nxd3 23. Re7 Nxf2+ 24. Kg2 Ne4 25. Bf4 Bxf4 26. gxf4 Nf6 27.
Bxb7 Rc4 28. Bf3 Rxf4 29. Rxa7 g5 30. Ra8 Rxa8 31. Bxa8 Ng4 32. a5 Rf2+ 33. Kg1
Rxb2 34. a6 Ne5 35. a7 Nd7 36. Bc6 Nb6 37. Ra6 Rb1+ 38. Kf2 Rb2+ 39. Ke1 Rb1+
40. Ke2 Rb2+ 41. Kd1 1-0

[Event "4NCL Division Two"]
[Site "Milton Keynes, ENG"]
[Date "2023.11.11"]
[Round "1.34"]
[White "Farrand, Tom"]
[Black "Nicholas, Koichi B"]
[Result "1/2-1/2"]
[WhiteElo "2149"]
[BlackElo "2139"]
[PlyCount "122"]
[EventDate "2023.11.11"]
[WhiteTeam "CSC/Kingston 1"]
[BlackTeam "SchachAttack"]

1. c4 c5 2. Nc3 Nc6 3. g3 g6 4. Bg2 Bg7 5. e3 e6 6. Nge2 Nge7 7. O-O O-O 8. d4
cxd4 9. Nxd4 d5 10. cxd5 exd5 11. Nce2 Qb6 12. h3 Nxd4 13. Nxd4 Nc6 14. Nxc6
bxc6 15. Qc2 Rb8 16. Rb1 Bf5 17. e4 dxe4 18. g4 Be6 19. Bxe4 Bxa2 20. Ra1 Bd5
21. Be3 Qxb2 22. Rxa7 Rfd8 23. Bg5 Re8 24. Qxb2 Rxb2 25. Bxd5 cxd5 26. Rd7 d4
27. Rc1 Be5 28. Kg2 Kg7 29. Re1 h6 30. Bf4 Bxf4 31. Rxe8 Be3 32. Ree7 Rxf2+ 33.
Kg3 Rf1 34. h4 Rf6 35. g5 hxg5 36. hxg5 Rf5 37. Rb7 Bxg5 38. Red7 Be3 39. Kg4
Rf6 40. Kg3 Rf1 41. Kg4 g5 42. Kh5 Rh1+ 43. Kg4 Rh4+ 44. Kf5 Rf4+ 45. Kxg5 Rf6+
46. Kg4 Kg6 47. Rb5 Rf4+ 48. Kg3 Re4 49. Kf3 Rh4 50. Rbd5 f6 51. Kg3 Rf4 52.
Rd8 Rf1 53. R8d7 Ra1 54. Kf3 Ra3 55. Ke2 f5 56. Rxd4 Bxd4 57. Rxd4 Kg5 58. Kf2
Kf6 59. Rb4 Kg5 60. Rc4 f4 61. Rc8 Ra2+ 1/2-1/2

[Event "4NCL Division Two"]
[Site "Milton Keynes, ENG"]
[Date "2023.11.11"]
[Round "1.35"]
[White "Shepherd, Tom"]
[Black "Wilson, Ewan"]
[Result "1-0"]
[WhiteElo "2098"]
[BlackElo "2156"]
[PlyCount "66"]
[EventDate "2023.11.11"]
[WhiteTeam "SchachAttack"]
[BlackTeam "CSC/Kingston 1"]

1. d4 d5 2. c4 c6 3. cxd5 cxd5 4. Nf3 Nf6 5. Nc3 Nc6 6. Bf4 a6 7. Rc1 Bf5 8. e3
Rc8 9. Be2 e6 10. O-O Bd6 11. Bxd6 Qxd6 12. Na4 Nd7 13. a3 O-O 14. b4 a5 15. b5
Ne7 16. Qb3 b6 17. Qb2 f6 18. Nc3 g5 19. Nd2 Bg6 20. e4 dxe4 21. Ndxe4 Qb8 22.
Qb3 Bf7 23. Bc4 e5 24. Bxf7+ Rxf7 25. Rcd1 Nf5 26. dxe5 Nxe5 27. Nxf6+ Kg7 28.
Nh5+ Kf8 29. Ne4 Rc4 30. Nhg3 Nh4 31. Nxg5 Nxg2 32. Kxg2 Qb7+ 33. f3 Re7 1-0

[Event "4NCL Division Two"]
[Site "Milton Keynes, ENG"]
[Date "2023.11.11"]
[Round "1.36"]
[White "Frostick, Clive A"]
[Black "Waller, Dan"]
[Result "1/2-1/2"]
[WhiteElo "2116"]
[BlackElo "2117"]
[PlyCount "163"]
[EventDate "2023.11.11"]
[WhiteTeam "CSC/Kingston 1"]
[BlackTeam "SchachAttack"]

1. e4 c5 2. Nf3 g6 3. c3 Bg7 4. d4 cxd4 5. cxd4 d5 6. e5 Bg4 7. Bb5+ Nd7 8. Nc3
e6 9. O-O a6 10. Be2 Bxf3 11. Bxf3 Ne7 12. Bf4 O-O 13. Qd2 Nc6 14. Rfe1 Rc8 15.
g3 Nb6 16. b3 Rc7 17. Rac1 Qe7 18. Bg2 Qb4 19. Ne2 Rfc8 20. Be3 Bf8 21. Qd3 Qa3
22. Qb1 Qa5 23. Red1 Nd7 24. Bd2 Qb6 25. Qb2 Ndb8 26. Bf1 a5 27. Be3 a4 28. Nc3
a3 29. Qe2 Na6 30. Nb5 Rd7 31. Rc2 Nc7 32. Bc1 Nxb5 33. Qxb5 Qxb5 34. Bxb5 Rdc7
35. Kf1 Nxd4 36. Rxc7 Rxc7 37. Rxd4 Rxc1+ 38. Ke2 Bc5 39. Rd2 Bb4 40. Rd4 Bc3
41. Rd1 Rxd1 42. Kxd1 Bxe5 43. Bd7 Bd6 44. Bc8 b5 45. Ke2 b4 46. h3 Kf8 47. Ba6
Ke7 48. Bb5 f6 49. Bc6 Bc5 50. Bb5 e5 51. f3 Ke6 52. Ba6 f5 53. Bc8+ Kd6 54. g4
fxg4 55. Bxg4 e4 56. fxe4 dxe4 57. Bc8 Ke5 58. Bd7 Kd4 59. Bc6 e3 60. Bb5 Ke4
61. Bc6+ Kf4 62. Bd7 Kg3 63. Be6 g5 64. Bd7 h5 65. Bc8 g4 66. hxg4 hxg4 67. Bd7
Kh4 68. Bc8 g3 69. Bb7 Kg4 70. Bg2 Kf4 71. Bh1 Ke5 72. Kd3 Kf5 73. Bg2 Ke5 74.
Bh1 e2 75. Kxe2 Kd4 76. Bg2 Kc3 77. Bf3 Kc2 78. Be4+ Kc1 79. Bg2 Kb1 80. Kd3
Kxa2 81. Kc2 Be3 82. Bf3 1/2-1/2

[Event "4NCL Division Two"]
[Site "Milton Keynes, ENG"]
[Date "2023.11.11"]
[Round "1.37"]
[White "Wilks, Simon"]
[Black "Fegan, Chris"]
[Result "1-0"]
[WhiteElo "2059"]
[BlackElo "2072"]
[PlyCount "71"]
[EventDate "2023.11.11"]
[WhiteTeam "SchachAttack"]
[BlackTeam "CSC/Kingston 1"]

1. e4 c5 2. Nf3 a6 3. c3 d5 4. exd5 Qxd5 5. d4 Nc6 6. dxc5 Qxd1+ 7. Kxd1 Nf6 8.
h3 Bf5 9. Be3 e5 10. Bc4 Bxb1 11. Rxb1 Ne4 12. Ke2 f6 13. Nd2 Nxc5 14. b4 Na4
15. Rhc1 f5 16. Bb3 b5 17. f3 Be7 18. Bxa4 bxa4 19. Nc4 Rb8 20. Nb6 a3 21. Nc4
O-O 22. Rb3 f4 23. Bf2 Rfc8 24. Rbb1 Kf7 25. Nb6 Rd8 26. Nc4 Ke6 27. Rd1 Rxd1
28. Rxd1 a5 29. bxa5 Ra8 30. Bb6 g5 31. Rd3 h5 32. Rd1 Ra6 33. Kd3 Bd8 34. Ke4
Nxa5 35. Rd6+ Kf7 36. Bxd8 1-0

[Event "4NCL Division Two"]
[Site "Milton Keynes, ENG"]
[Date "2023.11.11"]
[Round "1.38"]
[White "Frostick, Helen M"]
[Black "Simmons, Matthew"]
[Result "1/2-1/2"]
[WhiteElo "1851"]
[BlackElo "2056"]
[PlyCount "122"]
[EventDate "2023.11.11"]
[WhiteTeam "CSC/Kingston 1"]
[BlackTeam "SchachAttack"]

1. e4 Nf6 2. e5 Nd5 3. c4 Nb6 4. d4 d6 5. f4 g6 6. Be3 Bg7 7. Nc3 O-O 8. Bd3
dxe5 9. dxe5 Bg4 10. Nge2 Nc6 11. h3 Nb4 12. Be4 Qxd1+ 13. Nxd1 Bf5 14. Bxf5
gxf5 15. O-O Nc2 16. Rc1 Nxe3 17. Nxe3 e6 18. c5 Na4 19. Rc2 b6 20. cxb6 axb6
21. g4 fxg4 22. hxg4 Nc5 23. b3 Rfd8 24. Kg2 Rd3 25. Kf3 f6 26. exf6 Bxf6 27.
g5 Bg7 28. Rd1 e5 29. f5 e4+ 30. Kf2 Rad8 31. Rdc1 Be5 32. b4 Na6 33. Rc4 Bd4
34. Nxd4 R8xd4 35. Rxd4 Rxd4 36. Rc4 Rxc4 37. Nxc4 Nxb4 38. Ke3 Nxa2 39. Kxe4
b5 40. Ne3 b4 41. Kd4 Nc3 42. Kc4 Ne4 43. Kxb4 Nxg5 44. Kc5 h5 45. Kc6 Kf7 46.
Kxc7 Kf6 47. Kd6 h4 48. Kd5 h3 49. Nf1 Kxf5 50. Kd4 Kf4 51. Kd3 Kf3 52. Nh2+
Kg2 53. Ng4 Kg3 54. Ne3 Kf3 55. Nf1 Kf2 56. Nh2 Nf3 57. Ng4+ Kg3 58. Ne3 Kf2
59. Ng4+ Kf1 60. Ke4 Nd2+ 61. Kf4 Kg1 1/2-1/2

[Event "4NCL Division Two"]
[Site "Milton Keynes, ENG"]
[Date "2023.11.11"]
[Round "1.41"]
[White "Roberson, Peter T"]
[Black "Mestel, A Jonathan"]
[Result "1-0"]
[WhiteElo "2486"]
[BlackElo "2478"]
[PlyCount "47"]
[EventDate "2023.11.11"]
[WhiteTeam "The Sharks 2"]
[BlackTeam "The ADs"]

1. e4 c5 2. Nf3 d6 3. d4 cxd4 4. Nxd4 Nf6 5. Nc3 a6 6. Rg1 Nc6 7. g4 g6 8. g5
Nd7 9. Be3 Bg7 10. Qd2 O-O 11. O-O-O Nde5 12. Be2 Na5 13. b3 Bd7 14. Nd5 Nac6
15. f4 Nxd4 16. Bxd4 Nc6 17. Bxg7 Kxg7 18. Qc3+ Kg8 19. h4 Rc8 20. h5 Be6 21.
Bc4 Bxd5 22. hxg6 hxg6 23. Rh1 e5 24. Qh3 1-0

[Event "4NCL Division Two"]
[Site "Milton Keynes, ENG"]
[Date "2023.11.11"]
[Round "1.42"]
[White "Roe, Simon J"]
[Black "Dong, Bao Nghia"]
[Result "1-0"]
[WhiteElo "2287"]
[BlackElo "2359"]
[PlyCount "157"]
[EventDate "2023.11.11"]
[WhiteTeam "The ADs"]
[BlackTeam "The Sharks 2"]

1. c4 e5 2. g3 Nf6 3. Bg2 c6 4. Nf3 e4 5. Nd4 d5 6. d3 Bb4+ 7. Bd2 Bxd2+ 8.
Qxd2 O-O 9. O-O Re8 10. Nc3 c5 11. Nb3 dxc4 12. Nxc5 exd3 13. Nxb7 Bxb7 14.
Bxb7 dxe2 15. Qxd8 exf1=Q+ 16. Kxf1 Rxd8 17. Bxa8 Na6 18. Bf3 Nb4 19. Rd1 Rb8
20. Be2 g5 21. Bxc4 Ng4 22. Be2 Ne5 23. a3 Nc2 24. Rd5 f6 25. Rb5 Rc8 26. Nd5
Kf7 27. f4 gxf4 28. gxf4 Nc6 29. Bh5+ Kg8 30. Rb7 Rf8 31. Rc7 N2d4 32. b4 a6
33. Kf2 Kh8 34. Bd1 Nb8 35. a4 Ne6 36. Rb7 f5 37. Be2 Rd8 38. Bc4 Nd7 39. Ra7
Ndf8 40. Rxa6 Rc8 41. Bd3 Rd8 42. Ra5 Ng6 43. Bxf5 Ngxf4 44. Nxf4 Nxf4 45. Ke3
Nd5+ 46. Ke4 Nxb4 47. Ra7 Re8+ 48. Kf3 Nc6 49. Rxh7+ Kg8 50. Rh4 Re1 51. Kf2
Re5 52. Bd3 Na5 53. Rb4 Re7 54. Be4 Kg7 55. Kf3 Rc7 56. Bd5 Nc6 57. Rb6 Ne7 58.
Be4 Rc3+ 59. Kf4 Rc4 60. Ra6 Nd5+ 61. Ke5 Nc3 62. Bc6 Nxa4 63. Bxa4 Rh4 64.
Ra7+ Kh8 65. Bc2 Rxh2 66. Bg6 Rf2 67. Bf5 Rg2 68. Rh7+ Kg8 69. Kf6 Kf8 70. Rf7+
Kg8 71. Ra7 Kh8 72. Rh7+ Kg8 73. Rh1 Kf8 74. Rh8+ Rg8 75. Rh7 Rg2 76. Rc7 Re2
77. Rc1 Re3 78. Bg4 Re4 79. Be6 1-0